| 000 | 00757cam a22002651 4500 | ||
|---|---|---|---|
| 001 | 6376 | ||
| 003 | BD-RjUL | ||
| 005 | 20211208234231.0 | ||
| 008 | 140111s1968 fr b 001 0 eng | ||
| 035 | _a(BD-RjUL)6416 | ||
| 040 |
_aDLC _cDLC _dDLC _dBD-RjUL _beng |
||
| 041 | 1 | _aengfre | |
| 082 | 0 | 0 |
_a512 _bGOA 1968 |
| 100 | 1 |
_aGodement, Roger. _920088 |
|
| 245 | 0 | 0 |
_aAlgebra / _cRogerGodement. |
| 260 |
_aParis, _aBoston, _aNew York [etc.] : _bHermann; _bHoughton Mifflin, _cc1968. |
||
| 300 |
_a638 p. ; _c23 cm. |
||
| 350 | _aunpriced | ||
| 500 | _aTranslation of Cours d'algèbre. | ||
| 504 | _aIncludes bibliography (p. 622-625) and index. | ||
| 650 | 0 |
_aAlgebra. _920089 |
|
| 942 |
_2ddc _cBK |
||
| 999 |
_c6376 _d6376 |
||